ARRUPE JESUIT UNIVERSITY

CORONAVIRUS -STOP THE SPREAD - CLEAN,DISINFECT,COVER

The laws of Plato (Record no. 13577)

MARC details
000 -LEADER
fixed length control field 00428nam a2200205Ia 4500
003 - CONTROL NUMBER IDENTIFIER
control field 0100
008 - FIXED-LENGTH DATA ELEMENTS--GENERAL INFORMATION
fixed length control field 130303s9999 xx 000 0 und d
020 ## - INTERNATIONAL STANDARD BOOK NUMBER
International Standard Book Number 465038565
040 ## - CATALOGING SOURCE
Transcribing agency ARRUPELIB
050 ## - LIBRARY OF CONGRESS CALL NUMBER
Classification number JC71.P26331980
300 ## - PHYSICAL DESCRIPTION
Other physical details 562p. 24cm
100 ## - MAIN ENTRY--PERSONAL NAME
Personal name Plato
245 #4 - TITLE STATEMENT
Title The laws of Plato
260 ## - PUBLICATION, DISTRIBUTION, ETC. (IMPRINT)
Place of publication, distribution, etc New York
260 ## - PUBLICATION, DISTRIBUTION, ETC. (IMPRINT)
Name of publisher, distributor, etc Basic Books
260 ## - PUBLICATION, DISTRIBUTION, ETC. (IMPRINT)
-- 1980
300 ## - PHYSICAL DESCRIPTION
Extent xiv
700 ## - ADDED ENTRY--PERSONAL NAME
Personal name Plato
942 00 - ADDED ENTRY ELEMENTS (KOHA)
Koha issues (borrowed), all copies 3
Holdings
Withdrawn status Lost status Source of classification or shelving scheme Damaged status Not for loan Collection code Home library Current library Shelving location Date acquired Total Checkouts Full call number Barcode Date last seen Date checked out Copy number Price effective from Koha item type
    Library of Congress Classification     Main Collection ARRUPE LIBRARY ARRUPE LIBRARY   04/03/2013 4 JC71.P26331980 46003087162 27/05/2021 04/05/2021 1 04/03/2013 Monograph ( Printed materials)

 

Arrupe Library. PO Box MP320 Mt Pleasant, Harare, Zimbabwe
263 242 745411|librarian@aju.ac.zw